Library Banner

سلام رضا تضمین و تفہیم اور تجزیہ (Record no. 77019)

MARC details
000 -LEADER
fixed length control field 00547nam a22001457a 4500
005 - DATE AND TIME OF LATEST TRANSACTION
control field 20151006112020.0
008 - FIXED-LENGTH DATA ELEMENTS--GENERAL INFORMATION
fixed length control field 151006b xxu||||| |||| 00| 0 eng d
040 ## - CATALOGING SOURCE
Transcribing agency PK-LaUMT
082 ## - DEWEY DECIMAL CLASSIFICATION NUMBER
Classification number KHC 297.8
Item number MUN-S
100 ## - MAIN ENTRY--PERSONAL NAME
Personal name منیر الحق کعبی بہلپوری
245 ## - TITLE STATEMENT
Title سلام رضا تضمین و تفہیم اور تجزیہ
Remainder of title ایک تحقیق، تنقیدی، لسانی و عروضی جائزہ
Statement of responsibility, etc منیر الحق کعبی بہلپوری
260 ## - PUBLICATION, DISTRIBUTION, ETC. (IMPRINT)
Place of publication, distribution, etc گجرات
Name of publisher, distributor, etc زجاج پبلیکیشنز
Date of publication, distribution, etc 1995
300 ## - PHYSICAL DESCRIPTION
Extent 200 ص
942 ## - ADDED ENTRY ELEMENTS (KOHA)
Koha item type Books
Holdings
Withdrawn status Lost status Damaged status Home library Current library Date acquired Full call number Barcode Date last seen Price effective from Koha item type
      UMT Main Campus UMT Main Campus 2015-10-06 KHC 297.8 MUN-S 71989 2015-10-06 2015-10-06 Books